San Antonio Spurs NBA Playoffs Leaders Per Year - Statistics

General Stats
  • This quiz has been taken 676 times
  • The average score is 14 of 50
Answer Stats
Player % Correct
Tim Duncan
100%
Tony Parker
99%
David Robinson
97%
Kawhi Leonard
97%
Manu Ginobili
97%
George Gervin
85%
DeMar DeRozan
83%
LaMarcus Aldridge
83%
Avery Johnson
61%
George Johnson
61%
Vinnie Johnson
61%
Bruce Bowen
52%
Danny Green
44%
Mike Green
44%
Artis Gilmore
39%
Dennis Rodman
38%
Alvin Robertson
32%
Rich Jones
27%
Greg Anderson
17%
James Silas
16%
Gene Moore
15%
Johnny Moore
15%
Vinny Del Negro
15%
Larry Kenon
13%
Rudy Gay
12%
Terry Cummings
11%
Mike Mitchell
9%
Rod Strickland
9%
Samaki Walker
9%
Antonio Daniels
5%
Billy Paultz
5%
Antoine Carr
4%
Dave Greenwood
4%
Dave Corzine
3%
Mike Gale
3%
Swen Nater
3%
Frank Brickowski
2%
Mark Olberding
2%
Charles Beasley
1%
Cincinnatus Powell
1%
David Wingate
1%
Donnie Freeman
1%
Glen Combs
1%
John Beasley
1%
John Shumate
1%
Ron Boone
1%
Wes Matthews
1%
Levern Tart
0%
Manny Leaks
0%
Maurice McHartley
0%
No matching quizzes found
Score Distribution
Percent of People with Each Score
Percentile by Number Answered
Your Score History
You have not taken this quiz